Expositio literalis, et genuina totius novae constitutionis Apostolicae, quae incipit: Sacramentum poenitentiae, à SS. D. N. Benedicto papa XIV editae, seu, Opusculum theologico-morale agens de iure ampliato, & noviter disposito circa confessarios solicitantes, calumniatores de falso solicitationis crimine, & complices in peccato turpi contra VI Decalogi praeceptum commisso / dispositum a P. Fratre Joanne Sanz Lopez olim alumno in Conceptionis Immaculatae Murciensi Collegio Dioecensis Conchensis examinatore, et theologia lectore in Conchensi Conventu de Observantia S.P.N. Francisci

Detalles Bibliográficos
Autor principal: Benedicto XIV, papa, 1675-1758
Otros Autores: Sanz Lopez, Juan, O. F. M., ed
Formato: Libro
Lenguaje:Latin
Publicado: en Madrid : en la imprenta de Manuel Fernández, impressor del Supremo Consejo de la Inquisición, y de la Reverenda Camara Apostolica, 1749.
Materias:
Colección:Banco de datos
Acervo:Fondo Bibliográfico Antiguo del Archivo Municipal de Orizaba
Descripción Física:[36] h., 254 p. ; 8°
Tema general:Teología moral
Pontífices
Notas:Portada tipográfica con pleca en grabado xilográfico. Texto a renglón seguido con paginación en números arábigos y apostillas marginales. Incluye letras capitularescon motivos florales en grabado xilográfico. Encuadernación en pergamino. Marca de fuego: Convento de San José de la Orden de San Francisco de Orizaba, Veracruz. Sello en tinta del Archivo Municipal de Orizaba, Veracruz. Daños de humedad y polilla
LEADER 01950nam a22002170004500
035 |a 571 
041 0 |a lat 
100 1 |a Benedicto XIV, papa, 1675-1758 
245 1 0 |a Expositio literalis, et genuina totius novae constitutionis Apostolicae, quae incipit: Sacramentum poenitentiae, à SS. D. N. Benedicto papa XIV editae, seu, Opusculum theologico-morale agens de iure ampliato, & noviter disposito circa confessarios solicitantes, calumniatores de falso solicitationis crimine, & complices in peccato turpi contra VI Decalogi praeceptum commisso / dispositum a P. Fratre Joanne Sanz Lopez olim alumno in Conceptionis Immaculatae Murciensi Collegio Dioecensis Conchensis examinatore, et theologia lectore in Conchensi Conventu de Observantia S.P.N. Francisci 
260 |a en Madrid : en la imprenta de Manuel Fernández, impressor del Supremo Consejo de la Inquisición, y de la Reverenda Camara Apostolica, 1749. 
300 |a [36] h., 254 p. ; 8° 
500 |a Portada tipográfica con pleca en grabado xilográfico. Texto a renglón seguido con paginación en números arábigos y apostillas marginales. Incluye letras capitularescon motivos florales en grabado xilográfico. Encuadernación en pergamino. Marca de fuego: Convento de San José de la Orden de San Francisco de Orizaba, Veracruz. Sello en tinta del Archivo Municipal de Orizaba, Veracruz. Daños de humedad y polilla 
504 |a Al final de la obra está el Index textuum quaestionum, dubiorum, et illationum 
650 1 0 |a Teología moral 
650 1 0 |a Pontífices 
700 1 |a Sanz Lopez, Juan, O. F. M., ed. 
740 0 |a Opusculum theologico-morale agens de iure ampliato, & noviter disposito circa confessarios solicitantes, calumniatores de falso solicitationis crimine, & complices in peccato turpi contra VI Decalogi praeceptum commisso 
949 |a 828 
942 |c ORIZABA 
943 |g Fondo Bibliográfico Antiguo del Archivo Municipal de Orizaba 
999 |c 1102521  |d 1102521